| 000 | 01322nam a2200337Ia 4500 | ||
|---|---|---|---|
| 001 | ebr10150386 | ||
| 003 | CaPaEBR | ||
| 006 | m u | ||
| 007 | cr cn||||||||| | ||
| 008 | 050908s2006 nyuaf sb 001 0 eng d | ||
| 010 | _z 2005054435 | ||
| 020 | _z1403983305 | ||
| 020 | _z1403971714 (alk. paper) | ||
| 024 | 3 | _z9781403971715 | |
| 040 |
_aCaPaEBR _cCaPaEBR |
||
| 035 | _a(OCoLC)567964973 | ||
| 050 | 1 | 4 |
_aPN2277.C42 _bR44 2006eb |
| 082 | 0 | 4 |
_a792.089/96073077311 _222 |
| 100 | 1 | _aSemmes, Clovis E. | |
| 245 | 1 | 4 |
_aThe Regal Theater and black culture _h[electronic resource] / _cby Clovis E. Semmes. |
| 250 | _a1st ed. | ||
| 260 |
_aNew York : _bPalgrave Macmillan, _c2006. |
||
| 300 |
_a294 p., [3] p. of plates : _bill. |
||
| 504 | _aIncludes bibliographical references (p. [263]-270) and index. | ||
| 533 |
_aElectronic reproduction. _bPalo Alto, Calif. : _cebrary, _d2009. _nAvailable via World Wide Web. _nAccess may be limited to ebrary affiliated libraries. |
||
| 610 | 2 | 0 | _aRegal Theater (Chicago, Ill.) |
| 650 | 0 |
_aAfrican American theater _zIllinois _zChicago _xHistory _y20th century. |
|
| 655 | 7 |
_aElectronic books. _2local |
|
| 710 | 2 | _aebrary, Inc. | |
| 856 | 4 | 0 |
_uhttp://site.ebrary.com/lib/rucke/Doc?id=10150386 _zAn electronic book accessible through the World Wide Web; click to view |
| 999 |
_c94584 _d94584 |
||